25 rajów o największym i najmniejszym nominalnym PKB - Statystyki

Ogólne statystyki
  • Ten quiz został rozwiązany 1 065 razy
  • Średni wynik to 26 z 50
Statystyki odpowiedzi
Lp. Nominalne PKB w mln USD Nazwa Kraju % Poprawnych
1 73 170 986 Stany Zjednoczone
98%
2 10 982 829 Chiny
96%
4 3 357 614 Niemcy
94%
12 1 324 734 Rosja
93%
6 2 421 560 Francja
92%
25 474 893 Polska
92%
3 4 123 258 Japonia
89%
10 1 552 386 Kanada
89%
9 1 772 589 Brazylia
88%
14 1 199 715 Hiszpania
88%
5 2 849 345 Wielka Brytania
87%
7 2 090 706 Indie
86%
8 1 815 757 Włochy
84%
15 1 144 334 Meksyk
81%
13 1 223 887 Australia
79%
21 585 623 Argentyna
78%
23 492 618 Szwecja
78%
11 1 376 868 Korea Południowa
75%
19 664 603 Szwajcaria
67%
20 653 219 Arabia Saudyjska
65%
17 738 419 Holandia
65%
16 858 953 Indonezja
64%
18 733 642 Turcja
63%
24 490 207 Nigeria
43%
21 1 566 San Marino
42%
19 1 375 Seszele
33%
1 33 Tuvalu
33%
11 765 Vanuatu
32%
8 497 Dominika
31%
3 183 Wyspy Marshalla
31%
4 287 Palau
30%
22 523 581 Tajwan
30%
17 1 147 Wyspy Salomona
30%
6 318 Mikronezja
29%
2 162 Kiribati
28%
14 896 Saint Kitts i Nevis
27%
12 838 Samoa
27%
20 1 416 Saint Lucia
26%
5 318 Wyspy Świętego Tomasza i Książęca
26%
18 1 287 Antigua i Barbuda
25%
9 589 Komory
25%
10 757 Saint Vincent i Grenadyny
25%
7 414 Tonga
25%
22 1 595 Republika Zielonego Przylądka
24%
24 1 727 Dżibuti
23%
15 954 Grenada
23%
25 1 763 Belize
21%
13 893 Gambia
18%
16 1 057 Gwinea Bissau
17%
23 1 605 Republika Środkowoafrykańska
12%
Nie znaleziono quizów pasujących do podanych kryteriów
Rozkład punktacji
Procent ludzi z każdym wynikiem
Percentyl według liczby udzielonych odpowiedzi
Twoja historia wyników
Nie rozwiązałeś tego quizu